000 00675cam a2200205 a 4500
003 MX-MxUPN
005 20240924071617.0
008 190227s1997 mx fr 000 0 spa d
035 _aUPN01000229326
040 _aMX-MxUPN
_bspa
050 4 _aLB1707
_bA68 1997
245 0 0 _aApuntes para la formación docente
260 _a[México] :
_bSecretaría de Educación Pública, Dirección General de Educación Indígena ,
_c1997.
300 _a1 volumen (varias paginaciones)
490 _aProceso de induccón a la docencia 1997
650 4 _aMaestros
_xFormación profesional
_9804
902 _bVíctorGodínez/270824
942 _2lcc
_cLIBRO
999 _c201421
_d201421